• 首页
  • 本馆介绍
  • 公告通知
  • 最新文献
  • 馆藏检索
  • 电子资源
  • 读者导购
  • 参考咨询
  • 我的图书馆
  • 登录
  • 详细信息显示
  • 放入我的书架
  • 预约/预借图书
  • 作者相关作品
  • 分类相关作品
  • 丛书相关作品
  • 出版社相关作品

书目信息

  • 表格格式
  • 工作单格式
  • 卡片格式
题名:
水力学
    
 
作者: ;清华大学水力学教研组 编
分册: 下册  
出版信息: 北京   人民教育出版社  1965
页数: 262页
开本: 20cm
丛书名:
单 册:
中图分类: TV13
科图分类:
主题词: 水力学--高等学校--教材
电子资源:
ISBN:
000 00640nam0 2200229 45
001 0181010402
005 20060802170733.98
010    @dCNY0.80
091    @a15012.0122
100    @a19960215d1965 em y0chiy0121 ea
101 0  @achi
102    @aCN@b110000
105    @ay z 000yy
200 10 @a水力学@Ashui li xue@h下册@f清华大学水力学教研组编
210    @a北京@c人民教育出版社@d1965
215    @a262页@d20cm
300    @a高等学校教材
606    @a水力学@x高等学校@x教材
690    @aTV13@v3
711 02 @a清华大学水力学教研组@Aqing hua da xue shui li xue jiao yan zu@4编
801  0 @aCN@bTSSF@c20060802
905    @a10447@dTV13@e22:2
    
    水力学.下册/清华大学水力学教研组编.-北京:人民教育出版社,1965
    262页;20cm
    高等学校教材
    
    ISBN :CNY0.80
    
●
相关链接 在E读中查询图书 在五车中查询图书 在当当中查询图书 在豆瓣中查询图书


正题名:水力学     索取号:TV13/22:2         预约/预借

序号 登录号 条形码 馆藏地/架位号 状态 备注
1 0439562   204395626   密集书库/ [索取号:TV13/22:2] 在馆    
2 0439563   204395635   密集书库/ [索取号:TV13/22:2] 在馆    
唐山师范学院图书馆 欢迎您!
大连网信软件有限公司© 版权所有